The Arizona governors, 1912-1990 / (Record no. 184)

MARC details
000 -LEADER
fixed length control field 00778nam a22002655a 4500
005 - DATE AND TIME OF LATEST TRANSACTION
control field 20260322212009.0
008 - FIXED-LENGTH DATA ELEMENTS--GENERAL INFORMATION
fixed length control field data
010 ## - LIBRARY OF CONGRESS CONTROL NUMBER
LC control number 89080719
020 ## - INTERNATIONAL STANDARD BOOK NUMBER
International Standard Book Number 0929690052
020 ## - INTERNATIONAL STANDARD BOOK NUMBER
International Standard Book Number 9780929690056
040 ## - CATALOGING SOURCE
Original cataloging agency DLC
Transcribing agency DLC
Modifying agency DLC
043 ## - GEOGRAPHIC AREA CODE
Geographic area code n-us-az
050 00 - LIBRARY OF CONGRESS CALL NUMBER
Classification number F811
Item number .A84 1989
082 00 - DEWEY DECIMAL CLASSIFICATION NUMBER
Classification number B
-- B
Edition information 20
092 ## - LOCALLY ASSIGNED DEWEY CALL NUMBER (OCLC)
Classification number 079.1 A84 1989
001 - CONTROL NUMBER
control field data
245 04 - TITLE STATEMENT
Title The Arizona governors, 1912-1990 /
Statement of responsibility, etc. edited by Anna Laura Bennington & John L. Myers.
260 ## - PUBLICATION, DISTRIBUTION, ETC.
Place of publication, distribution, etc. Phoenix, Ariz. :
Name of publisher, distributor, etc. Heritage Publishers,
Date of publication, distribution, etc. c1989.
300 ## - PHYSICAL DESCRIPTION
Extent 206 p. :
Other physical details ill. ;
Dimensions 29 cm.
504 ## - BIBLIOGRAPHY, ETC. NOTE
Bibliography, etc. note Includes bibliographical references and index.
650 #0 - SUBJECT ADDED ENTRY--TOPICAL TERM
Topical term or geographic name entry element Governors
Geographic subdivision Arizona
General subdivision Biography.
651 #0 - SUBJECT ADDED ENTRY--GEOGRAPHIC NAME
Geographic name Arizona
General subdivision Politics and government.
700 1# - ADDED ENTRY--PERSONAL NAME
Personal name Bennington, Anna Laura.
700 1# - ADDED ENTRY--PERSONAL NAME
Personal name Myers, John L.
Holdings
Withdrawn status Lost status Damaged status Not for loan Home library Current library Shelving location Date acquired Total checkouts Full call number Barcode Date last seen Price effective from Koha item type
        Pleasant Valley Pleasant Valley General stacks 22/03/2026   979.1/05/0922 B 20 BC0010190 22/03/2026 22/03/2026 Books